EA FC24 La Liga TOTS - Statistics

General Stats
  • This quiz has been taken 41 times
  • The average score is 17 of 27
Answer Stats
Club Position Rating Answer % Correct
Real Madrid CAM 97 Jude Bellingham
98%
Atletico Madrid ST 96 Antoine Griezmann
90%
Real Madrid ST 96 Vinicius
90%
Real Madrid CB 94 Antonio Rudiger
88%
Barcelona ST 95 Robert Lewandowski
88%
Real Madrid RB 92 Dani Carvajal
83%
Real Madrid CM 96 Federico Valverde
75%
Barcelona CB 93 Ronald Araujo
75%
Real Madrid* CDM* 93* Eduardo Camavinga
70%
Athletic Bilbao RM 92 Inaki Williams
70%
Athletic Bilbao* LM* 91* Nico Williams
70%
Real Madrid* ST* 93* Rodrygo
70%
Girona ST 91 Artem Dovbyk
65%
Barcelona* LB* 95* Joao Cancelo
65%
Real Betis CAM 94 Isco
63%
Athletic Bilbao GK 90 Unai Simon
60%
Barcelona CM 93 Ilkay Gundogan
58%
Girona LM 93 Savio
58%
Sevilla* CB* 94* Sergio Ramos
58%
Real Madrid* CB* 93* David Alaba
55%
Real Sociedad RW 92 Takefusa Kubo
53%
Barcelona* LW* 94* Joao Felix
48%
Girona CM 92 Aleix Garcia
43%
Villarreal ST 92 Alexander Sorloth
43%
Real Sociedad* RB* 90* Hamari Traore
35%
Athletic Bilbao* CB* 91* Dani Vivian
33%
Girona LB 92 Miguel Gutierrez
23%
No matching quizzes found
Score Distribution
Percent of People with Each Score
Percentile by Number Answered
Your Score History
You have not taken this quiz